000 00774nam a2200229Ia 4500
001 8676
003 GE_BSU
008 181216s||||||||xx |||||||||||||| ||und||
040 _cGE_BSU
080 _a821.353.1-1
100 _aიოსელიანი,შალვა
245 _aვაჟკაცური სიმღერები.
245 _bლექსები.
245 _cრედ:გ.სალუქვაძე;მხატვ:.რედ;გ.ხოჯაშვილი
260 _aბათუმი.
260 _bსაბჭ.აჭარა.
260 _c1975.
300 _a40გვ;1ფ.პორტრ.12სმ.
653 _aვაჟკაცური სიმღერები.
653 _aლექსები
942 _cBK
999 _c41990
_d41990